000 00365nam a22001697a 4500
005 20260619132529.0
020 _a9788199009677
041 _aEnglish
082 _aT16 R25 JEE
100 _aJeevaBharathy K
245 _aKaalamthorum Communist - Part I
250 _a02
260 _aChennai
_bNCBH
_c2025
300 _a272
365 _b500.00
942 _cBK
999 _c177966
_d177966